Partnerstvo pri financovaní rizika - zníženie záťaže verejných rozpočtov

Nové formy partnerstva verejného a súkromného sektora (PPP) ako spôsob riešenia finančných dopadov veľkých katastrof a možnosť zvýšenia odolnosti spoločnosti. Ekonomické straty v dôsledku prírodných katastrof. Finančné dopady na vlády. Partnerstvo verejného a súkromného sektora. Rozdelenie rizika...

Ausführliche Beschreibung

Gespeichert in:
Bibliographische Detailangaben
1. Verfasser: Fleck, Petra
Weitere Verfasser: Schwarz, Michael
Format: Buchkapitel
Sprache:Slowakisch
Schlagworte:
Tags: Tag hinzufügen
Keine Tags, Fügen Sie das erste Tag hinzu!

MARC

LEADER 00000naa$a2200000$$$4500
001 0095317
005 20231107121809.0
041 0 |a slo 
044 |a SK 
245 1 0 |a Partnerstvo pri financovaní rizika - zníženie záťaže verejných rozpočtov  |c Petra Fleck, Michael Schwarz 
520 |a Nové formy partnerstva verejného a súkromného sektora (PPP) ako spôsob riešenia finančných dopadov veľkých katastrof a možnosť zvýšenia odolnosti spoločnosti. Ekonomické straty v dôsledku prírodných katastrof. Finančné dopady na vlády. Partnerstvo verejného a súkromného sektora. Rozdelenie rizika prostredníctvom zaistenia. 
610 2 0 |a partnerstvo verejno-súkromné 
610 2 0 |a financovanie 
610 2 0 |a pohromy živelné 
610 2 0 |a riziko poistné 
610 2 0 |a rozpočty verejné 
100 1 |a Fleck, Petra 
700 1 |a Schwarz, Michael